Chemical principles : (Record no. 22513)
[ view plain ]
| 000 -LEADER | |
|---|---|
| fixed length control field | 00554cam a2200193 i 4500 |
| 020 ## - INTERNATIONAL STANDARD BOOK NUMBER | |
| ISBN | 9782804153069 |
| 020 ## - INTERNATIONAL STANDARD BOOK NUMBER | |
| ISBN | 2804153061 |
| 040 ## - CATALOGING SOURCE | |
| Transcribing agency | AU@ |
| 082 ## - DEWEY DECIMAL CLASSIFICATION NUMBER | |
| Classification number | 541 ATK 2008 C283 Or. |
| 100 1# - MAIN ENTRY--AUTHOR NAME | |
| Personal name | Atkins, P. W. |
| 245 10 - TITLE STATEMENT | |
| Title | Chemical principles : |
| Remainder of title | the quest for insight / |
| 250 ## - EDITION STATEMENT | |
| Edition statement | Seventh edition |
| 300 ## - PHYSICAL DESCRIPTION | |
| Number of Pages | xxvi, F1-F106, 830, A1-A26, B1-B29, C1-C57, D1-D12, 2 unnumbered pages : |
| Other physical details | color illustrations ; |
| Dimensions | 27 cm |
| 650 #0 - SUBJECT ADDED ENTRY--TOPICAL TERM | |
| Topical Term | Chemistry |
| 650 #0 - SUBJECT ADDED ENTRY--TOPICAL TERM | |
| Topical Term | Chemistry |
| 700 1# - ADDED ENTRY--PERSONAL NAME | |
| Personal name | Jones, Loretta, |
| 700 1# - ADDED ENTRY--PERSONAL NAME | |
| Personal name | Laverman, Leroy, |
| 942 ## - ADDED ENTRY ELEMENTS (KOHA) | |
| Koha item type | ADB |
| 952 ## - LOCATION AND ITEM INFORMATION (KOHA) | |
| Withdrawn status [LOCAL, KOHA] | 0 |
| Permanent Location | Date acquired | Koha item type | Lost status | Shelving location | Barcode | Current Location | Full call number |
|---|---|---|---|---|---|---|---|
| Library Block C | 2024-01-09 | ADB | C283 | a13989 | Library Block C | 541 ATK 2008 C283 Or. |